Undang-undang dan perlindungan pengguna / (Record no. 1847)

000 -LEADER
fixed length control field nam a22 a 4500
003 - CONTROL NUMBER IDENTIFIER
control field AKMAL
005 - DATE AND TIME OF LATEST TRANSACTION
control field 20170512102730.0
008 - FIXED-LENGTH DATA ELEMENTS--GENERAL INFORMATION
fixed length control field 170512s1994 my | g l 000 0 may d
020 ## - INTERNATIONAL STANDARD BOOK NUMBER
International Standard Book Number 9678906244 (kkt.) :
Terms of availability RM29.50
040 ## - CATALOGING SOURCE
Original cataloging agency AKMAL
Transcribing agency AKMAL
082 04 - DEWEY DECIMAL CLASSIFICATION NUMBER
Classification number 340.5 MOH
Edition number 22
090 00 - LOCALLY ASSIGNED LC-TYPE CALL NUMBER (OCLC); LOCAL CALL NUMBER (RLIN)
Classification number (OCLC) (R) ; Classification number, CALL (RLIN) (NR) 343.5
Local cutter number (OCLC) ; Book number/undivided call number, CALL (RLIN) MOH
100 0# - MAIN ENTRY--PERSONAL NAME
Personal name Mohamad Shariff Abu Samah
9 (RLIN) 3831
245 10 - TITLE STATEMENT
Title Undang-undang dan perlindungan pengguna /
Statement of responsibility, etc. Mohamad Shariff Abu Samah
260 ## - PUBLICATION, DISTRIBUTION, ETC.
Place of publication, distribution, etc. Kuala Lumpur :
Name of publisher, distributor, etc. International Law Book Services,
Date of publication, distribution, etc. 1994
300 ## - PHYSICAL DESCRIPTION
Extent xv, 210ms. ;
Dimensions 22cm.
504 ## - BIBLIOGRAPHY, ETC. NOTE
Bibliography, etc. note Bibliografi: ms. 209-210
650 10 - SUBJECT ADDED ENTRY--TOPICAL TERM
Topical term or geographic name entry element Consumer protection
General subdivision Law and legislation
Geographic subdivision Malaysia
9 (RLIN) 3832
942 ## - ADDED ENTRY ELEMENTS (KOHA)
Source of classification or shelving scheme
Koha item type Book
Holdings
Withdrawn status Lost status Source of classification or shelving scheme Damaged status Not for loan Collection code Home library Current library Shelving location Date acquired Inventory number Total Checkouts Full call number Barcode Date last seen Price effective from Koha item type
          NON-FICTION AKMAL Melaka AKMAL Melaka PINJAMAN 12.05.2017 303190   340.5 MOH 201705759 12.05.2017 12.05.2017 Book
Pusat Sumber Maklumat Dato' Haji Sarmin Md Hussin, Akademi Kastam Diraja Malaysia, Melaka
Tel: 06-2331106 | Faks: 06-2313787